| 000 | 00754nam a2200229 a 4500 | ||
|---|---|---|---|
| 005 | 20210223132426.0 | ||
| 008 | 140821s2010 mx r 000 0 spa d | ||
| 020 | _a9786074695557 (SEP) | ||
| 020 | _a9786077657040 (Celistia) | ||
| 035 | _aUPN01000199039 | ||
| 049 | _aI | ||
| 050 | 4 |
_aTD348 _bH6.6 |
|
| 100 | 1 |
_aHollyer, Beatrice, _d1957- _936099 |
|
| 245 | 1 | 0 |
_aNuestro mundo es agua / _cBeatrice Hollyer ; pról. Zadie Smith ; tr. Escarlata Guillén. |
| 260 |
_aMéxico : _bSEP : _bCelistia, _c2010. |
||
| 300 |
_a51 p. : _bil. col. |
||
| 440 | 0 |
_aLibros del rincón. _pAstrolabio |
|
| 534 |
_pTitulo original: _tOur world of water |
||
| 650 | 4 |
_aAGUA - _xAPROVECHAMIENTO - _vLITERATURA INFANTIL _923430 |
|
| 905 | _aInfantil | ||
| 999 |
_c171140 _d171140 |
||